Dissertationes Slavicae III.

Elmentve itt :
Bibliográfiai részletek
Dokumentumtípus: Folyóirat
Megjelent: 1965
Sorozat:Dissertationes slavicae 3
Kulcsszavak:Szlavisztika - tanulmányok, Orosz nyelv - tanulmányok, Orosz irodalom - tanulmányok
Online Access:http://acta.bibl.u-szeged.hu/40155
LEADER 00565nas a2200157 i 4500
001 acta40155
005 20260224081030.0
008 161201s1965 hu o 000 hun d
040 |a SZTE Egyetemi Kiadványok Repozitórium  |b hun 
041 |a hun 
245 0 0 |a Dissertationes Slavicae III.  |h [elektronikus dokumentum] 
260 |c 1965 
300 |a 67 
490 0 |a Dissertationes slavicae  |v 3 
695 |a Szlavisztika - tanulmányok, Orosz nyelv - tanulmányok, Orosz irodalom - tanulmányok 
856 4 0 |u http://acta.bibl.u-szeged.hu/40155/1/dissert_slav_003.pdf  |z Dokumentum-elérés